[Event "EICC 2017"]
[Site "Minsk"]
[Date "2017.06.07"]
[Round "8"]
[White "Asadli, Vugar"]
[Black "Ruck, Robert"]
[Result "1/2-1/2"]
[WhiteElo "2439"]
[BlackElo "2557"]
[Annotator "TA"]
[PlyCount "79"]
[EventDate "2017.??.??"]
[EventCountry "BLR"]
[SourceTitle "playchess.com"]
[Source "ChessBase"]
[SourceQuality "1"]

{[%evp 19,79,2,30,19,35,-20,-13,-19,-3,-38,8,20,15,-34,64,50,68,65,74,-8,11,-8,-8,-8,-8,-8,-8,-8,-8,-17,-8,-32,-30,-30,0,0,0,0,0,0,0,0,0,-18,-11,-49,-30,-34,-47,-73,-65,-81,-49,-79,0,0,0,-93,0,0,0,-95]} 1. e4 {[%cal Be2e4,Be4e5][%mdl 32]} Nf6 {[%cal Bg8f6,Bf6d5,Bd5b6][%mdl 32]} 2. e5 Nd5 3. d4 d6 4. c4 Nb6 5. exd6 exd6 6. Nc3 Be7 7. Qf3 Nc6 8. Be3 O-O 9. O-O-O Be6 10. c5 {B03: Alekhine's Defence: Four Pawns Attack} Nd7 {LiveBook: 6 Games} (10... Nc4 11. Bf4 dxc5 12. d5 Nd4 13. dxe6 fxe6 14. Bxc4 Nxf3 15. Rxd8 Raxd8 16. Nh3 Nd4 17. Bxc7 Rde8 {1-0 (49) Savchenko,B (2638)-Sek,K (2420) Ulan Ude 2009}) 11. h3 Nf6 ({Avoid the trap} 11... dxc5 $2 12. d5 $18) 12. d5 $146 (12. g4 $14) ({Predecessor:} 12. g4 Nb4 13. d5 Nfxd5 14. Nxd5 Nxd5 15. Rxd5 Bxd5 16. Qxd5 c6 17. Qd2 dxc5 {½-½ (73) Calota,A (2175)-Rajlich,I (2425) Mureck 1998}) 12... Ne5 $11 13. Qe2 Bc8 14. g4 Re8 15. f4 {[%cal Bf2f4,Bf4f5][%mdl 32]} Ng6 $1 16. Nf3 Bf8 (16... dxc5 $15 17. f5 Nf8) 17. f5 $14 Ne5 18. Nxe5 $1 Rxe5 {[#]} 19. Qf2 ({White should try} 19. Qf3 $1 $16) 19... dxc5 $11 20. Bxc5 Bxc5 21. Qxc5 Qd6 22. Qxd6 cxd6 23. Nb5 Ne8 24. Rh2 Bd7 25. Rc2 Kf8 (25... Bxb5 $5 26. Bxb5 Nf6 $11) 26. Nd4 h6 (26... h5 $5) 27. Bg2 Rc8 28. Rxc8 Bxc8 29. Kd2 Bd7 30. Rc1 Ke7 31. Nc2 h5 32. Ne3 {[#] And now Nc4 would win.} hxg4 33. hxg4 {aiming for Nc4.} Kf6 34. Kd3 Kg5 35. Kd4 Re7 36. Be4 Kf4 37. Rf1+ Kg5 38. Rc1 Kf4 39. Rf1+ Kg5 40. Rc1 {Precision: White = 41%, Black = 55%.} 1/2-1/2

[Event "EICC 2017"]
[Site "Minsk"]
[Date "2017.06.07"]
[Round "8"]
[White "Pavlov, Sergey"]
[Black "Abasov, Nijat"]
[Result "1/2-1/2"]
[WhiteElo "2432"]
[BlackElo "2575"]
[Annotator "TA"]
[PlyCount "28"]
[EventDate "2017.??.??"]
[EventCountry "BLR"]
[SourceTitle "playchess.com"]
[Source "ChessBase"]
[SourceQuality "1"]

{[%evp 13,28,4,10,3,10,-9,-3,-6,0,-8,0,-8,0,0,0,-7,0]} 1. c4 e6 2. g3 Nf6 3. Bg2 d5 4. Nf3 dxc4 5. Qa4+ Bd7 6. Qxc4 {A13: English Opening: 1...e6} c5 7. Ne5 Qc8 {LiveBook: 73 Games. The position is equal.} 8. Qd3 Be7 $146 (8... Bc6 $5 9. Nxc6 Nxc6 $11) ({Predecessor:} 8... Nc6 9. Nxd7 Nxd7 10. Qb5 Nde5 11. f4 a6 12. Qa4 Nd7 13. Bxc6 bxc6 {1-0 (72) Grischuk,A (2737)-Wojtaszek,R (2749) Doha 2016}) 9. Na3 O-O (9... Bc6 $5 10. Nxc6 Nxc6 $11) 10. Nxd7 Nbxd7 11. O-O Rd8 12. Qb3 Rb8 13. d3 b5 14. Bf4 ({Don't go for} 14. Nxb5 $2 a6 $17) 14... e5 1/2-1/2

[Event "EICC 2017"]
[Site "Minsk"]
[Date "2017.06.07"]
[Round "8"]
[White "Polivanov, Anatoliy"]
[Black "Palac, Mladen"]
[Result "1/2-1/2"]
[WhiteElo "2401"]
[BlackElo "2573"]
[Annotator "TA"]
[PlyCount "26"]
[EventDate "2017.??.??"]
[EventCountry "BLR"]
[SourceTitle "playchess.com"]
[Source "ChessBase"]
[SourceQuality "1"]

{[%evp 9,26,30,23,27,24,27,56,61,65,72,64,60,87,88,82,84,86,81,81]} 1. d4 Nf6 2. c4 e6 3. Nc3 Bb4 4. Qb3 a5 (4... c5 5. dxc5 Nc6 6. Bg5 h6 7. Bxf6 Qxf6 8. Nf3 Bxc5 9. e3 b6 10. Bd3 Bb7 11. Ne4 Bb4+ 12. Ke2 Qe7 13. a3 Bc5 14. Nxc5 Qxc5 {½-½ (31) Zhou,J (2620)-Bu,X (2723) Wuxi 2016}) 5. a3 Bxc3+ 6. Qxc3 {E22: Nimzo-Indian: 4 Qb3} a4 7. Bg5 d6 8. e3 {White is slightly better.} b6 9. Bd3 $146 ({Predecessor:} 9. f3 c5 10. Ne2 Nbd7 11. Qc2 Qc7 12. Nc3 O-O 13. Bd3 {0-1 (50) Suomalainen,E-Karner,H (2365) Jyvaskyla 1992}) 9... Bb7 10. f3 Ra5 11. Bh4 {White is better.} Nbd7 12. Ne2 O-O 13. Qc2 Qa8 1/2-1/2

[Event "EICC 2017"]
[Site "Minsk"]
[Date "2017.06.07"]
[Round "8"]
[White "Meribanov, Vitaly"]
[Black "Wagner, Dennis"]
[Result "0-1"]
[WhiteElo "2385"]
[BlackElo "2568"]
[Annotator "TA"]
[PlyCount "114"]
[EventDate "2017.??.??"]
[EventCountry "BLR"]
[SourceTitle "playchess.com"]
[Source "ChessBase"]
[SourceQuality "1"]

{[%evp 22,114,0,0,25,25,25,26,32,27,48,21,22,10,18,0,31,10,28,0,0,0,0,-98,-91,-93,-102,-92,-87,-103,-92,-146,-154,-166,-116,-178,-161,-265,-262,-258,-240,-407,-416,-409,-403,-556,0,-322,-256,-310,-260,-257,-250,-242,-218,-226,-211,-244,-244,-252,-252,-1080,-1102,-968,-762,-1222,-865,-858,-923,-818,-781,-5189,-3835,-1999,-1098,-1838,-1993,-1650,-1629,-1419,-786,-1240,-1164,-12839,-12839,-12838,-12839,-12837,-12838,-12843,-12844,-12844,-12843,-12845,-12845]} 1. e4 e5 2. Nf3 Nc6 3. Bb5 a6 4. Ba4 Nf6 5. O-O Be7 6. d3 b5 7. Bb3 d6 8. a3 {C84: Closed Ruy Lopez: Unusual White 6th moves} Na5 9. Ba2 c5 10. Nc3 Be6 11. Bg5 O-O 12. b4 {LiveBook: 3 Games} cxb4 13. axb4 {Bxe6 is the strong threat.} Nc6 14. Bxf6 Bxf6 15. Nd5 g6 $146 ({Predecessor:} 15... Ra7) 16. Nxf6+ Qxf6 17. Bxe6 Qxe6 18. c3 Rfe8 19. Re1 d5 20. Ng5 Qe7 $1 {[%cal Re7g5]} 21. exd5 Nxb4 22. Nf3 (22. Nxf7 $11 Qxf7 23. cxb4) 22... Nxd5 $17 23. Rxe5 Qd6 24. Rxe8+ Rxe8 25. Qb3 Nf4 26. d4 ({White should try} 26. c4) 26... Qc6 27. h4 Re2 {Strongly threatening ...Nh3+!} 28. Ra2 (28. c4 $17) 28... Re6 29. Rc2 (29. Qd1 $142) 29... Qe4 $1 $19 30. c4 Ne2+ 31. Rxe2 $2 (31. Kh2 {was the only chance.} Nxd4 32. Nxd4 Qxh4+ 33. Qh3 Qxd4 34. cxb5) 31... Qxe2 {[%mdl 4096] Endgame KQR-KQN} 32. c5 {White hopes to continue with d5.} Qc4 33. Qd1 Qe2 $2 (33... b4 $19 34. d5 Re8) 34. Qc1 $2 {[%mdl 8192]} (34. Qb3 $1 $11) 34... Qe4 35. Qh6 {intending Ng5.} f6 36. Qd2 Qd5 37. Qa5 Qd7 38. Qa2 Kg7 39. d5 Re4 $1 {[%cal Re4c4] Threatens to win with ...Rc4.} 40. c6 Qd6 {White must now prevent ...Ra4.} 41. Qxa6 $2 (41. g3) 41... Ra4 {Black is clearly winning.} 42. Qb7+ Kh6 43. Nh2 Ra1+ 44. Nf1 Qxd5 {( -> ...Rxf1+!)} 45. Qe7 Qc4 46. Qe3+ g5 47. hxg5+ Kg6 48. Qe8+ Kxg5 49. Qe3+ Kf5 50. Qh3+ {[#]} Ke5 $1 51. Qg3+ {[#]} Kd5 $1 52. Qf3+ Kc5 53. Kh2 Rxf1 54. c7 Kb6 55. Qxf6+ Kxc7 56. Qe7+ Kb6 57. Qd6+ Kb7 {Precision: White = 33%, Black = 73%.} 0-1

[Event "EICC 2017"]
[Site "Minsk"]
[Date "2017.06.07"]
[Round "8"]
[White "Lavrov, Maxim"]
[Black "Santos Latasa, Jaime"]
[Result "1/2-1/2"]
[WhiteElo "2369"]
[BlackElo "2567"]
[Annotator "TA"]
[PlyCount "62"]
[EventDate "2017.??.??"]
[EventCountry "BLR"]
[SourceTitle "playchess.com"]
[Source "ChessBase"]
[SourceQuality "1"]

{[%evp 10,62,43,35,60,50,51,36,47,57,45,58,48,41,64,23,26,-37,-29,-17,-33,-39,12,12,12,12,12,12,12,12,12,12,12,14,12,12,12,12,63,0,0,0,0,0,33,36,26,5,20,0,0,0,19,0,0]} 1. e4 e6 2. d4 d5 3. e5 Bd7 4. Nf3 a6 5. c4 dxc4 6. Bxc4 {LiveBook: 8 Games. C02: French: Advance Variation} Bb5 (6... Bc6 7. Nc3 Ne7 8. O-O Nd7 9. Bb3 Nb6 10. Re1 Nf5 11. Ne4 h6 12. Ng3 Nh4 13. Nxh4 Qxh4 {½-½ (65) Rowson,J (2569)-Bauer,C (2626) London 2015}) 7. Bb3 Bb4+ 8. Nc3 {White is slightly better.} Ne7 9. a4 Bc6 10. O-O h6 $146 ({Predecessor:} 10... Nd5 11. Qd3 Be7 12. Bd2 Nb4 {0-1 (50) Salomon,J (2416)-Westerinen,H (2300) Oslo 2015}) 11. Be3 Nd7 12. d5 exd5 13. Nxd5 ({White should try} 13. Bc2 $11) 13... Nxd5 $15 14. Bxd5 Nxe5 $1 15. Nxe5 Qxd5 ({Black should play} 15... Bxd5 $15 16. Qd4 Be7) 16. Nxc6 $11 Qxd1 $1 17. Rfxd1 bxc6 18. Rac1 Rd8 19. Rxd8+ Kxd8 20. Rxc6 {[%mdl 4096] Endgame KRB-KRB} a5 $1 21. Kf1 Kd7 22. Ra6 Rb8 23. Ke2 Bd6 ({Better is} 23... Bf8 $11) 24. Rxa5 (24. Bd4 $14) 24... Rxb2+ 25. Kf3 Ra2 26. h4 Ke6 (26... Bb4 $5 {[%cal Rb4a5]} 27. Ra6 Kc8 $11) 27. g4 c5 28. Ke4 {Black should prevent Ra6.} Rb2 {The position is equal.} 29. Rb5 (29. Ra6 $5 {[%cal Re3c5]} Rb4+ 30. Kf3 $11) 29... Ra2 30. Ra5 {next Ra6 is good for White.} Rb2 31. Rb5 Ra2 {Precision: White = 64%, Black = 61%.} 1/2-1/2

[Event "EICC 2017"]
[Site "Minsk"]
[Date "2017.06.07"]
[Round "8"]
[White "Tutisani, Noe"]
[Black "Michalik, Peter"]
[Result "0-1"]
[WhiteElo "2347"]
[BlackElo "2558"]
[Annotator "TA"]
[PlyCount "140"]
[EventDate "2017.??.??"]
[EventCountry "BLR"]
[SourceTitle "playchess.com"]
[Source "ChessBase"]
[SourceQuality "1"]

{[%evp 24,140,45,15,24,-8,1,1,16,23,9,9,20,16,41,0,28,0,0,-54,-49,-67,0,-56,-70,-72,-60,-68,-74,-158,-166,-159,-142,-156,-148,-177,-171,-173,-169,-169,-162,-175,-155,-156,-156,-255,-125,-96,-97,-112,-104,-116,-101,-229,-189,-196,-254,-233,-209,-204,-195,-312,-109,-110,-54,-77,-77,-54,-58,-62,-29,-29,-86,-218,-228,-384,-390,-407,-156,-154,-153,-209,-208,-195,0,0,0,0,0,0,0,0,41,41,41,0,41,41,40,39,39,39,35,0,0,0,0,0,0,-452,-428,-429,-387,-388,-304,-1147,-1143,-1131,-1107]} 1. e4 e5 2. Nf3 Nc6 3. Bb5 a6 4. Ba4 Nf6 5. O-O Be7 6. Re1 b5 7. Bb3 d6 8. c3 {[%cal Bc2c3,Bc3c4][%mdl 32]} O-O 9. h3 Nb8 10. d4 Nbd7 11. c4 c6 12. Nc3 Qc7 {C95: Closed Ruy Lopez: Breyer Variation with 10 d4} 13. a3 {LiveBook: 7 Games} Nb6 14. c5 dxc5 {The position is equal.} 15. dxe5 Ne8 {[#]} 16. Bf4 $146 ({Predecessor:} 16. Ne2 g6 17. Bf4 c4 18. Bc2 Qb7 19. Qc1 Ng7 20. Ng3 {1-0 (34) Wei,Y (2732)-Karthikeyan,M (2585) Chengdu 2017}) 16... Be6 17. Bc2 g6 18. Qc1 Ng7 19. Bh2 Rfd8 20. Nd1 Nc4 21. b3 ({White should try} 21. Ne3 $11) 21... Na5 $15 22. Ne3 Qd7 (22... Nxb3 $6 23. Bxb3 Bxb3 24. e6 $1 $14 {[%mdl 512]}) (22... Bxb3 $6 23. e6 $1 $11 {[%mdl 512]}) (22... Qa7 $15) 23. Rb1 (23. Qb2 $11) 23... c4 $36 {[%cal Rc4b3][%mdl 2048] Black has good play.} 24. b4 Nb3 25. Bxb3 cxb3 26. Ng4 (26. Bf4 $142) 26... Bxg4 $17 27. hxg4 Ne6 28. Rxb3 c5 29. Bg3 a5 30. bxa5 c4 31. Rc3 Rxa5 32. Bh4 Bxh4 33. Nxh4 Qd2 $1 34. Qa1 (34. Nf3 $17 Qxc1 35. Rexc1) 34... Rd3 (34... Nf4 $19 {Threatens to win with ...Ne2+.} 35. e6 fxe6) 35. Rxd3 Qxd3 36. Re3 Qd4 37. Qe1 Ra8 38. Qb4 (38. Nf3 $17 Qb2 39. Qc3 Qxc3 40. Rxc3) 38... Qa1+ (38... Qxe5 39. Nf3) 39. Kh2 Qxe5+ 40. g3 Qc5 41. Qc3 Rd8 42. Nf3 {[#]} (42. Kg2 $142) 42... Rd1 $2 (42... Rd3 $1 $19 {[%cal Rd3c3][%mdl 512] and Black stays clearly on top.} 43. Qc1 (43. Rxd3 Qxf2+) 43... Rb3) 43. Kg2 Nd8 ({Black should play} 43... h6 $17 44. Qf6 Qd6) 44. g5 Nc6 45. Qf6 Rd6 46. Qc3 Nd4 47. e5 Rd5 (47... Rd7 $11 48. Nxd4 Rxd4) 48. Nd2 (48. Nxd4 $17 Rxd4 49. e6 fxe6 50. Rxe6) 48... Nf5 $1 $19 {[%cal Rf5e3]} ({Worse is} 48... Rxe5 49. Ne4 $11) 49. Re2 $2 (49. Re1 Rd3 50. Ne4 Rxc3 51. Nxc5) 49... Rd3 50. Qa5 Rxa3 $2 (50... Qc6+ $19 {is more deadly.} 51. Ne4 c3) 51. Qd8+ $17 Qf8 52. Qd7 (52. Qb6 $17) 52... Qa8+ $1 $19 53. Ne4 {[#] Black should prevent e6.} Ne3+ $2 (53... Ra7 $1 $19 {[%cal Ra7d7]} 54. Qd2 {[#]} b4 $1 {[%mdl 512]}) 54. Kh2 $11 Rd3 55. Nf6+ Kf8 {[%csl Ge3][%cal Ra8g2]} 56. Nxh7+ Kg7 $1 {[%csl Ge3][%cal Ra8g2]} ({But not} 56... Kg8 $2 57. Nf6+ Kf8 58. Qh3 $18) 57. Qh3 {Qh6+ would kill now.} Nf5 (57... Qh8 $5 {[%cal Rh8h7]} 58. e6 (58. Qh6+ $2 Kg8 $19) 58... Ng4+ 59. Qxg4 Qxh7+ 60. Kg2 Rd1 $11) 58. Nf6 {Intending Ra2 and mate.} Qh8 59. Qxh8+ Kxh8 $14 {[%mdl 4096] Endgame KRN-KRN} 60. Ra2 {White wants to mate with Ra8+.} Rd8 $1 {aiming for ...Nd4.} 61. Ra7 Kg7 $1 {White must now prevent ...Nd4.} 62. e6 Nd6 63. e7 Rh8+ 64. Kg2 {Hoping for Ra6.} c3 $1 {[%cal Rc3c2]} 65. Rc7 Nc4 $1 66. e8=Q $4 {[%mdl 8192]} (66. Ra7 $1 $11 c2 67. Ra1) 66... Rxe8 $19 67. Nxe8+ Kf8 68. Nf6 c2 69. Rd7 $2 (69. Rc8+ Ke7 70. Re8+ Kd6 71. Re1) 69... c1=Q 70. Rd8+ Ke7 {Precision: White = 50%, Black = 58%.} 0-1